AFL TV Commentators - Statistics

General Stats
  • This quiz has been taken 60 times
    53 since last reset
  • The average score is 12 of 51
Answer Stats
Channel Answer % Correct
Seven Brian Taylor
91%
Seven James Brayshaw
61%
Fox Jason Dunstall
61%
Fox Kelli Underwood
43%
Seven Abbey Holmes
41%
Fox Anthony Hudson
39%
Seven Luke Hodge
39%
Seven Matthew Richardson
39%
Fox Nathan Buckley
34%
Fox David King
32%
Fox Jonathan Brown
32%
Fox Leigh Montagna
32%
Seven Campbell Brown
30%
Fox Dermott Brereton
30%
Fox Eddie Betts
30%
Seven Joel Selwood
30%
Fox Cameron Mooney
27%
Seven Daisy Pearce
27%
Fox Garry Lyon
27%
Seven Cameron Ling
25%
Fox Dwayne Russell
25%
Fox Matt Hill
25%
Seven Dale Thomas
23%
Fox Matthew Pavlich
23%
Fox Ben Dixon
20%
Fox Mark Howard
20%
Fox Mark Ricciuto
20%
Fox Adam Papalia
18%
Fox Gerard Healy
18%
Fox Jordan Lewis
18%
Seven Luke Darcy
18%
Fox Will Schofield
18%
Seven Erin Phillips
16%
Seven Jobe Watson
16%
Seven Shaun Burgoyne
16%
Seven Tim Watson
16%
Seven Alister Nicholson
14%
Seven Hamish McLachlan
14%
Fox Nick Dal Santo
14%
Seven Trent Cotchin
14%
Fox Brad Johnson
11%
Seven Chris Johnson
11%
Seven Jason Bennett
9%
Fox Alastair Lynch
7%
Seven Leigh Matthews
7%
Seven Jude Bolton
5%
Seven Mark Soderstrom
5%
Seven Patrick Dangerfield
5%
Seven Ryan Daniels
5%
Seven Nigel Carmody
2%
Fox Brenton Speed
0%
No matching quizzes found
Score Distribution
Percent of People with Each Score
Percentile by Number Answered
Your Score History
You have not taken this quiz since the last reset